000 00868nam a2200241 i 4500
001 bg
245 0 0 _aFinansowe i logistyczne aspekty funkcjonowania przedsiębiorstw.
_nCz. 2 /
_cred. nauk. Alfreda Zachorowska.
260 _aCzęstochowa :
_bSekcja Wydawnictwa Wydziału Zarządzania Politechniki Częstochowskiej,
_c2004.
300 _a177, [1] s. :
_brys., wykr. ;
_c25 cm.
504 _aBibliogr. przy pracach.
650 9 _aPrzedsiębiorstwo
_xekonomika
_zPolska
_yod 1989 r.
650 9 _aPrzedsiębiorstwo
_xfinanse
_zPolska
_yod 1989 r.
650 9 _aZarządzanie ryzykiem
700 1 _aZACHOROWSKA, Alfreda.
_eRed.
015 _aPB 8951/2005
020 _a8388469037 (cz. 2)
040 _cBPK
041 0 _apol
080 _a658.1/.5.012.4(438)"1989/..."
920 _a83-88469-03-7 (cz. 2)
942 _cKS
008 s pl f |000 0 pol
999 _c46889
_d46889
856 _uhttp://koha.tu.koszalin.pl/cgi-bin/koha/opac-detail.pl?biblionumber=46889
_yKatalog online BPK